000 00577nam a2200193Ia 4500
003 GCL
008 140319s9999 xx 000 0 ara d
040 _aGCL /
_cGCL
082 0 4 _a020
_bع ل
100 1 _aعبدالستار الحلوجى
245 1 0 _aلمحات من تاريخ الكتب والمكتبات /
_cعبدالستار الحلوجى
260 _a[S.N] :
_bدار الثقافة للنشر والتوزيع ،
_c1991
300 _a113 ص
490 _a
650 0 4 _aتاريخ
650 0 4 _aالكتب
650 0 4 _aالمكتبات
942 _2ddc
_cBK
999 _c36351
_d36351